Geography Quiz

Random Geography or NFL Quiz

NFL Quarterback Alma Maters Quiz Stats

 Plays Quiz not verified by Sporcle

Support Sporcle.
Go Orange.
Score 0/32 Timer 05:00
0 Plays Today
Quarterback College % Correct
Mark SanchezUSC
99.2%
Carson PalmerUSC
99.2%
Matt CasselUSC
99.2%
Tom BradyMichigan
99.1%
Eli ManningMississippi
97%
Peyton ManningTennessee
95.5%
Brady QuinnNotre Dame
94.1%
Matthew StaffordGeorgia
93.5%
Jamarcus RussellLSU
93.5%
Ben RoethlisbergerMiami (Ohio)
92.7%
Drew BreesPurdue
91.6%
Kyle OrtonPurdue
91.6%
Donovan McNabbSyracuse
91.2%
Matt RyanBoston College
90.1%
Matt HasselbeckBoston College
90.1%
Aaron RodgersCalifornia
89.9%
Quarterback College % Correct
Joe FlaccoDelaware
87.3%
Byron LeftwichMarshall
86.5%
Chad PenningtonMarshall
86.5%
Jay CutlerVanderbilt
85.9%
Philip RiversNC State
82.9%
Jason CampbellAuburn
80.5%
Brett FavreSouthern Miss
78.3%
Kerry CollinsPenn State
72.3%
Tony RomoEastern Illinois
69.3%
Matt SchaubVirginia
63.9%
Trent EdwardsStanford
63.6%
Kurt WarnerNorthern Iowa
60.2%
Marc BulgerWest Virginia
43.8%
David GarrardEast Carolina
41.8%
Shaun HillMaryland
30.6%
Jake DelhommeUL-Lafayette
29.5%

You're not logged in!

Compare scores with friends on all Sporcle quizzes.
OR
Log In

From the Vault

Vocabulary Blitz LI

by iglew

And you thought we'd be testing English vocabulary?
Remove Ads.
Support Sporcle.
Get the best of Sporcle when you Go Orange. This ad-free experience offers more features, more stats, and more fun while also helping to support Sporcle. Thank you for becoming a member.

Show Comments

Extras

Top Quizzes Today


Score Distribution

Your Account Isn't Verified!

In order to create a playlist on Sporcle, you need to verify the email address you used during registration. Go to your Sporcle Settings to finish the process.

Report this User

Report this user for behavior that violates our Community Guidelines.

Details: